000 00323nam a22001337a 4500
008 170609b xxu||||| |||| 00| 0 eng d
020 _a9781594030611
041 _aeng
080 _a327
100 _a19
101 _aSHP
245 _aSTEALING ELECTIONS HOW VOTER THREATENS OU DEMOCRACY
_cFUND.J
942 _2udc
_cBK
999 _c16596
_d16596